<?xml version="1.0" encoding="UTF-8"?>
<record
    xmlns:xsi="http://www.w3.org/2001/XMLSchema-instance"
    xsi:schemaLocation="http://www.loc.gov/MARC21/slim http://www.loc.gov/standards/marcxml/schema/MARC21slim.xsd"
    xmlns="http://www.loc.gov/MARC21/slim">

  <leader>01395cam a22002531  4500</leader>
  <controlfield tag="001">gs 06000373 </controlfield>
  <controlfield tag="003">DLC</controlfield>
  <controlfield tag="005">20260227111303.0</controlfield>
  <controlfield tag="008">761213s1893    miu          s001 0 eng c</controlfield>
  <datafield tag="010" ind1=" " ind2=" ">
    <subfield code="a">gs 06000373 </subfield>
  </datafield>
  <datafield tag="035" ind1=" " ind2=" ">
    <subfield code="a">(OCoLC)2617603</subfield>
  </datafield>
  <datafield tag="040" ind1=" " ind2=" ">
    <subfield code="a">U.S. Geol. Survey. Library</subfield>
    <subfield code="c">MiMarqN</subfield>
    <subfield code="d">OCoLC</subfield>
    <subfield code="d">DLC</subfield>
  </datafield>
  <datafield tag="042" ind1=" " ind2=" ">
    <subfield code="a">premarc</subfield>
  </datafield>
  <datafield tag="050" ind1="0" ind2="0">
    <subfield code="a">QE125</subfield>
    <subfield code="b">.A122</subfield>
  </datafield>
  <datafield tag="110" ind1="1" ind2=" ">
    <subfield code="a">Michigan.</subfield>
    <subfield code="b">Geological Survey.</subfield>
  </datafield>
  <datafield tag="245" ind1="1" ind2="0">
    <subfield code="a">Report of the State Board of Geological Survey for the years 1891 and 1892</subfield>
    <subfield code="b">to which are appended exhibits setting forth the expenses of the survey from its inception to November 22, 1892, exclusive of the cost of publication. Also the reports of Dr. Carl Rominger for the years 1881-2 and 1882-3; of Mr. Charles E. Wright for the years 1885-8; of Dr. M.E. Wadsworth for the years 1889, 1890, 1891, 1892, made to the State Board of Geological Survey for the years named: also a provisional report by Dr. M.E. Wadsworth, State Geologist, upon the geology of the iron, gold and copper districts of Michigan ...</subfield>
  </datafield>
  <datafield tag="260" ind1=" " ind2=" ">
    <subfield code="a">Lansing,</subfield>
    <subfield code="b">R. Smith &amp; Co., State Printers,</subfield>
    <subfield code="c">1893.</subfield>
  </datafield>
  <datafield tag="300" ind1=" " ind2=" ">
    <subfield code="a">1 p. l., 192 p., 2 l.</subfield>
    <subfield code="c">23 cm.</subfield>
  </datafield>
  <datafield tag="650" ind1=" " ind2="0">
    <subfield code="a">Geology</subfield>
    <subfield code="z">Michigan.</subfield>
  </datafield>
  <datafield tag="650" ind1=" " ind2="0">
    <subfield code="a">Mines and mineral resources</subfield>
    <subfield code="z">Michigan.</subfield>
  </datafield>
  <datafield tag="700" ind1="1" ind2=" ">
    <subfield code="a">Rominger, Carl Ludwig,</subfield>
    <subfield code="d">1820-1907.</subfield>
  </datafield>
  <datafield tag="700" ind1="1" ind2=" ">
    <subfield code="a">Wright, Charles E.,</subfield>
    <subfield code="d">1843-1888.</subfield>
  </datafield>
  <datafield tag="700" ind1="1" ind2=" ">
    <subfield code="a">Wadsworth, M. Edward</subfield>
    <subfield code="q">(Marshman Edward),</subfield>
    <subfield code="d">1847-1921.</subfield>
  </datafield>
  <datafield tag="999" ind1=" " ind2=" ">
    <subfield code="c">24418</subfield>
    <subfield code="d">24418</subfield>
  </datafield>
</record>
